| 000 | 00756nam a22001697a 4500 | ||
|---|---|---|---|
| 999 |
_c59371 _d59371 |
||
| 003 | Ge_BSU | ||
| 005 | 20230201094904.0 | ||
| 008 | 230201s2009 ge ||||| |||| 00| 0 geo d | ||
| 041 | _ageo | ||
| 080 | _a347.44 ტ-60 | ||
| 245 |
_aტიპიური ხელშეკრულებების კრებული : _c(შედგენილია საქართველოს სამოქალაქო კოდექსის ნორმების საფუძველზე). |
||
| 264 |
_aთბილისი : _b [რაიზი], _c2009. |
||
| 300 |
_a162გვ. ; _b 20სმ. |
||
| 653 | _aტიპიური ხელშეკრულებები. | ||
| 653 | _aსამართალი | ||
| 942 |
_2udc _cBK |
||